[Event "Bogota Navidad op"]
[Site "Bogota"]
[Date "2019.12.08"]
[Round "7"]
[White "Robles Gomez, Juan Cesar"]
[Black "Cordero Gonzalez, Victor William"]
[Result "1-0"]
[WhiteElo "1538"]
[BlackElo "1620"]
[PlyCount "44"]
[EventDate "2019.12.05"]
[EventType "swiss"]
[EventRounds "7"]
[EventCountry "COL"]
[SourceTitle "CBM 193 Extra"]
[Source "ChessBase"]
[SourceDate "2020.01.31"]
[SourceVersion "1"]
[SourceVersionDate "2020.01.31"]
[SourceQuality "1"]

1. d4 d5 2. Nf3 Nf6 3. Bg5 c6 4. e3 Qa5+ 5. c3 Nbd7 6. Bd3 Ne4 7. Bf4 Ndf6 8. 0-0 Qb6 9. b4 h6 10. a4 g5 11. Be5 Bg7 12. Bxf6 Bxf6 13. Nfd2 Nd6 14. Nb3 Bf5 15. Bxf5 Nxf5 16. N1d2 Bg7 17. Nc5 Qc7 18. a5 0-0 19. e4 Nxd4 20. cxd4 Bxd4 21. Ra3 Rad8 22. Nf3 Bg7 1-0

[Event "Bogota Navidad op"]
[Site "Bogota"]
[Date "2019.12.06"]
[Round "3"]
[White "Marulanda, Carlos Andres"]
[Black "Robles Gomez, Juan Cesar"]
[Result "1-0"]
[WhiteElo "1854"]
[BlackElo "1538"]
[PlyCount "61"]
[EventDate "2019.12.05"]
[EventType "swiss"]
[EventRounds "7"]
[EventCountry "COL"]
[SourceTitle "CBM 193 Extra"]
[Source "ChessBase"]
[SourceDate "2020.01.31"]
[SourceVersion "1"]
[SourceVersionDate "2020.01.31"]
[SourceQuality "1"]

1. Nf3 d5 2. c4 d4 3. b4 c5 4. bxc5 Nc6 5. e3 dxe3 6. fxe3 e6 7. d4 a6 8. Bb2 Nf6 9. Bd3 Nb4 10. Qa4+ Nc6 11. 0-0 Bd7 12. Qd1 Ne7 13. Ne5 Bc6 14. Nc3 Nf5 15. Bxf5 exf5 16. Nxc6 bxc6 17. Qf3 Qd7 18. Na4 Ng4 19. h3 Nf6 20. Nb6 Qb7 21. Nxa8 Qxa8 22. Qxf5 Be7 23. d5 Bxc5 24. Bxf6 gxf6 25. Qxf6 Rf8 26. Qe5+ Kd7 27. Rad1 Bd6 28. dxc6+ Qxc6 29. c5 Qa4 30. Qxd6+ Ke8 31. Qd8# 1-0